000 01022nam a2200289 i 4500
003 EG-GICUC
005 20260212154235.0
008 260212s1984 ua |||fr|||| 00| 0 ara d
040 _a EG-GICUC
_bara
_c EG-GICUC
_d EG-GICUC
_erda
041 0 _aAra
082 0 4 _221
_a343.3
_bق ا
092 0 4 _221
099 _aLaw1 10 343.3 ق ا 1984
245 0 0 _aقانون الإجراءات الجنائية وفقاً للتعديلات التى أدخلت عليها.
264 1 _aالإسكندرية :
_bدار المطبوعات الجامعية،
_c1984.
300 _a152 ؛صفحة
_c24 سم.
336 _2rda content
_atext
337 _2rda media
_aComputer
338 _2rda carrier
_aOnline Resource
546 _aالنص باللغة العربية
650 1 _aقانون الإجراءات الجنائية
_2qrmak
650 1 _aالقانون الجنائى
_2qrmak
651 1 _2qrmak
856 4 0 _uhttps://fll.law.cu.edu.eg/fulltext/bks/B10-08780.pdf
905 _a54
942 _2ddc
_cBK
_e21
_n0
999 _c62835
_d62835